| 000 | 00427nam a2200169Ia 4500 | ||
|---|---|---|---|
| 008 | 210210b2000 xxu||||| |||| 00| 0 eng d | ||
| 020 | _a8121903513 | ||
| 082 | _a591.1 VERA | ||
| 100 | _aVERMA (P S) and others. | ||
| 245 | _aAnimal physiology. Ed 3. | ||
| 250 | _a | ||
| 260 |
_aNew Delhi _bS. Chand & Co. Ltd. _c2000 |
||
| 300 | _aviii,417,xxii | ||
| 650 | _aAnimal Physiology | ||
| 690 | _aZoolog | ||
| 906 | _a05581 | ||
| 999 |
_c103159 _d103159 |
||